ARRUPE JESUIT UNIVERSITY

CORONAVIRUS -STOP THE SPREAD - CLEAN,DISINFECT,COVER

Traditional Zambian Eschatology and ethics confronting the advent oc Christianity (Record no. 66433)

MARC details
000 -LEADER
fixed length control field 00513nam a2200193Ia 4500
003 - CONTROL NUMBER IDENTIFIER
control field 0100
005 - DATE AND TIME OF LATEST TRANSACTION
control field 20180925144903.0
008 - FIXED-LENGTH DATA ELEMENTS--GENERAL INFORMATION
fixed length control field 130303s9999 xx 000 0 und d
040 ## - CATALOGING SOURCE
Transcribing agency ARRUPELIB
050 ## - LIBRARY OF CONGRESS CALL NUMBER
Classification number BL2470.Z3M994
300 ## - PHYSICAL DESCRIPTION
Other physical details 22cm
100 ## - MAIN ENTRY--PERSONAL NAME
Personal name Mwewa, Stephen Kapita
9 (RLIN) 42563
245 ## - TITLE STATEMENT
Title Traditional Zambian Eschatology and ethics confronting the advent oc Christianity
260 ## - PUBLICATION, DISTRIBUTION, ETC. (IMPRINT)
Place of publication, distribution, etc Zambia
Date of publication, distribution, etc 1997
300 ## - PHYSICAL DESCRIPTION
Extent 289p.
650 ## - SUBJECT ADDED ENTRY--TOPICAL TERM
Topical term or geographic name as entry element Zambia
General subdivision Religion
9 (RLIN) 26423
650 ## - SUBJECT ADDED ENTRY--TOPICAL TERM
Topical term or geographic name as entry element Zambia
General subdivision Religious life and ceremonies
9 (RLIN) 42564
650 ## - SUBJECT ADDED ENTRY--TOPICAL TERM
Topical term or geographic name as entry element Zambia
General subdivision Ethics
9 (RLIN) 42565
942 ## - ADDED ENTRY ELEMENTS (KOHA)
Source of classification or shelving scheme Library of Congress Classification
Koha item type Monograph ( Printed materials)
Holdings
Withdrawn status Lost status Source of classification or shelving scheme Damaged status Not for loan Collection code Home library Current library Shelving location Date acquired Total Checkouts Full call number Barcode Date last seen Copy number Price effective from Koha item type
    Library of Congress Classification     Main Collection ARRUPE LIBRARY ARRUPE LIBRARY   05/03/2013   BL2470.Z3M994 46004004780 01/08/2016 1 05/03/2013 Monograph ( Printed materials)
    Library of Congress Classification       ARRUPE LIBRARY ARRUPE LIBRARY   25/09/2018   BL2470.Z3M994 46600002154 25/09/2018   25/09/2018 Monograph ( Printed materials)

 

Arrupe Library. PO Box MP320 Mt Pleasant, Harare, Zimbabwe
263 242 745411|librarian@aju.ac.zw